[Event "68th RUS-ch Women Superfinal 2018"]
[Site "Satka"]
[Date "2018.08.26"]
[Round "2"]
[White "Bodnaruk, Anastasia"]
[Black "Gritsayeva, Oksana"]
[Result "0-1"]
[WhiteElo "2449"]
[BlackElo "2391"]
[Annotator "TA"]
[PlyCount "82"]
[EventDate "2018.08.25"]
[EventType "tourn"]
[EventCountry "RUS"]
[SourceTitle "playchess.com"]
[Source "ChessBase"]
[SourceQuality "1"]

{[%evp 23,82,5,47,0,14,0,40,40,40,0,0,0,4,0,15,0,0,0,0,0,0,-14,0,-18,0,-2,25,23,54,0,8,-48,0,-220,-7,-31,0,0,0,0,0,-431,-442,-1084,-1025,-29981,-29982,-29981,-29980,-29993,-29994,-29994,-29995,-29995,-29996,-29996,-29997,-29997,-29998,-29998,-29999]} 1. e4 e5 2. Nf3 Nc6 3. Bb5 f5 4. d3 fxe4 5. dxe4 Nf6 6. O-O Bc5 7. Bxc6 bxc6 8. Nxe5 O-O 9. Bg5 Qe8 {C63: Ruy Lopez: Schliemann/Jaenisch Defence} 10. Bxf6 Rxf6 11. Nd3 Bd4 12. c3 (12. Nd2 Ba6 13. Rb1 d6 14. c4 c5 15. b4 Qf7 16. Kh1 Rf8 17. f4 Bxc4 18. Nxc4 Qxc4 19. bxc5 dxc5 20. e5 Rb6 21. Rc1 Qd5 22. Qf3 c6 {½-½ (22) Anand,V (2799)-Radjabov,T (2735) Morelia/Linares 2008}) 12... Bb6 {LiveBook: 15 Games} 13. e5 Rf8 {[#]} 14. c4 $146 {Hoping for c5.} ({Predecessor:} 14. Nd2 d5 15. exd6 Ba6 16. c4 cxd6 17. Qg4 {0-1 (47) Guseinov,G (2631)-Oleksienko,M (2568) Abu Dhabi 2013}) 14... Bd4 15. Nd2 {Black must now prevent Nb3.} d6 $1 16. Nb3 Bxe5 17. Nxe5 Qxe5 18. Qd2 Be6 19. Na5 c5 20. a3 Rf6 21. Rae1 Qh5 22. f4 (22. Re4 {seems wilder.} Rh6 23. h3 d5 24. Re3 d4 25. Rg3) 22... Raf8 23. b3 Rh6 24. g3 Rhf6 25. Nc6 h6 26. Nxa7 g5 27. Re4 (27. Qd1 $11 Qxd1 28. Rxd1) 27... Qg6 {[%mdl 1024] Black has compensation.} 28. Qe3 $2 {[#]} (28. Rfe1 $1 $11 gxf4 29. Nc6) 28... Bh3 $2 (28... d5 $1 $19 {[%cal Rd5e4]} 29. cxd5 Bxd5) 29. Nc6 $1 $11 {[%cal Rc6e7]} Kh8 {aiming for ...gxf4.} (29... Qg7 $5 {[%cal Rg5f4]} 30. Ne7+ Kh8 $11) 30. Ne7 Qg7 $1 $40 {[%mdl 128] ...gxf4 is the strong threat. White needs to defend precisely.} 31. Nd5 R6f7 32. Re1 $2 {[%mdl 8192] [#]} (32. Rf2 $11 {and White stays safe.}) 32... c6 $19 33. Ne7 (33. Qc3 $142 cxd5 34. Qxg7+ Kxg7 35. cxd5) 33... gxf4 34. Qd3 fxg3 {Black mates.} 35. hxg3 Rf3 36. Qxd6 Rxg3+ 37. Kh2 Rf2+ 38. Kh1 Bg2+ 39. Kg1 Bxe4+ 40. Kxf2 Rf3+ 41. Ke2 Qg2+ {Precision: White = 32%, Black = 46%.} 0-1

[Event "68th RUS-ch Women Superfinal 2018"]
[Site "Satka"]
[Date "2018.08.26"]
[Round "2"]
[White "Shuvalova, Polina"]
[Black "Pogonina, Natalija"]
[Result "1/2-1/2"]
[WhiteElo "2413"]
[BlackElo "2469"]
[Annotator "TA"]
[PlyCount "112"]
[EventDate "2018.08.25"]
[EventType "tourn"]
[EventCountry "RUS"]
[SourceTitle "playchess.com"]
[Source "ChessBase"]
[SourceQuality "1"]

{[%evp 28,112,10,0,15,11,9,9,21,13,22,9,18,0,0,0,15,18,29,21,30,18,16,20,40,0,0,2,17,11,61,52,53,48,51,35,53,57,55,34,58,33,70,21,21,21,16,25,25,29,21,31,38,0,0,0,0,0,0,0,0,0,0,0,0,0,0,0,0,0,0,0,0,0,0,0,0,0,0,0,0,0,0,0,0,0,0]} 1. d4 Nf6 2. c4 e6 3. Nc3 d5 4. cxd5 exd5 5. Bg5 c6 6. e3 Be7 7. Bd3 Nbd7 {[%cal Bb8d7,Bd7f8,Bf8e6][%mdl 32]} 8. Nge2 Nf8 9. Qc2 g6 10. O-O Ne6 11. Bh4 O-O 12. f3 b6 13. Rad1 Bb7 {D36: Queen's Gambit Declined: Exchange Variation: Main line (5 Bg5 c6 6 Qc2)} 14. Kh1 Rc8 15. a3 {LiveBook: 3 Games} a5 16. Qc1 b5 {[#]} 17. Nf4 $146 ({Predecessor:} 17. Qd2 Re8 18. Ra1 Ra8 19. Bf2 Ba6 20. Rfc1 {½-½ (20) Anton,V (2664)-Tarnowiecki,H (2692) ICCF email 2002}) 17... Nxf4 18. exf4 Nd7 19. Bxe7 Qxe7 20. Rfe1 Qf6 21. f5 Rfe8 22. Qf4 Re7 23. Re2 b4 24. axb4 axb4 25. Rxe7 Qxe7 26. Na4 Re8 27. g3 g5 28. Qd2 Qe3 29. Qxe3 Rxe3 30. Kg2 Kg7 31. Kf2 Re8 32. Rh1 h6 33. h4 Ra8 34. b3 Ra5 35. Ke3 c5 $1 {[%cal Rc5c4]} 36. Nxc5 Nxc5 37. dxc5 Rxc5 $11 {[%mdl 4096] Endgame KRB-KRB} 38. Kd4 Rc3 39. hxg5 hxg5 40. f6+ Kxf6 {The position is equal.} 41. Rh6+ Ke7 42. Rb6 Bc6 43. Rxb4 Rc1 44. Rb6 Kd7 45. b4 {[#] b5 is the strong threat.} Kc7 $1 {[%cal Rc7b6]} 46. Ra6 Rd1 {aiming for ...Rxd3+!} 47. Ra3 f6 48. g4 Bb5 49. Ke3 Bxd3 50. Rxd3 {KR-KR} Rb1 51. Rxd5 Rxb4 52. Rd2 Rc4 53. Rd1 Rb4 54. Rd5 Rc4 55. Rf5 Rc6 56. Ke4 Kd7 {Precision: White = 69%, Black = 67%.} 1/2-1/2

[Event "68th RUS-ch Women Superfinal 2018"]
[Site "Satka"]
[Date "2018.08.26"]
[Round "2"]
[White "Protopopova, Anastasiya"]
[Black "Kashlinskaya, Alina"]
[Result "1/2-1/2"]
[WhiteElo "2332"]
[BlackElo "2440"]
[Annotator "TA"]
[PlyCount "92"]
[EventDate "2018.08.25"]
[EventType "tourn"]
[EventCountry "RUS"]
[SourceTitle "playchess.com"]
[Source "ChessBase"]
[SourceQuality "1"]

{[%evp 22,92,-19,-21,-19,-4,0,0,0,0,4,0,0,0,40,47,40,43,27,30,102,90,89,88,99,82,83,70,146,71,70,77,138,0,0,0,0,0,0,0,0,0,0,-8,-8,-8,-8,-8,-8,-8,-8,-8,-8,-8,-8,-8,-8,-8,0,0,0,0,0,-8,-8,-8,-8,-8,0,0,0,-8,0]} 1. d4 d5 2. Nf3 Nf6 3. c4 c6 4. Nc3 dxc4 5. e3 b5 6. a4 b4 7. Na2 e6 8. Bxc4 Be7 9. Bd2 {D15: Damengambit (Slawische Verteidigung)} a5 10. O-O Nbd7 11. Nc1 O-O 12. Qe2 {LiveBook: 3 Partien} (12. Nb3 Bb7 13. Qe2 Qb6 14. Rfd1 c5 15. Be1 Rfc8 16. Rac1 h6 17. Bb5 Bd5 18. Nfd2 cxd4 19. Nxd4 Ne5 20. f3 Bc5 {½-½ (44) Shulman,Y (2617)-Potkin,V (2682) Khanty-Mansiysk 2011}) 12... c5 13. Rd1 cxd4 14. Nxd4 {Droht Sc6.} Bb7 15. Be1 {[%cal Bd2e1,Be1f2,Bf2e3][%mdl 32]} Qb6 16. Ncb3 Rfd8 $146 ({Vorgänger:} 16... Rac8 17. f3 Bd5 18. Bxd5 Nxd5 19. Bf2 Nc5 {1-0 (38) Khamitskiy,S (2317)-Watorek,M (2104) Krakow 2011}) 17. f3 Nc5 18. Bf2 Nxb3 19. Nxb3 Rxd1+ 20. Rxd1 Rd8 (20... Bc6 $11 {bleibt in der Remisbreite.}) 21. Rc1 $16 Rc8 22. e4 Qc7 23. Be3 {[#] Droht Lxe6! und aus.} Qe5 24. Bd4 Qh5 (24... Qg5 $14) 25. Bb5 ({Günstiger ist} 25. Qe3) 25... Rxc1+ 26. Nxc1 Bc5 {[#]} (26... Bd6 $142 27. g4 Qg5) 27. Nb3 (27. Qd3 $1 $16) 27... Bxd4+ $11 {Die Stellung ist ausgeglichen.} 28. Nxd4 Qc5 $1 $36 {[%cal Rc5d4][%mdl 2048] Schwarz kämpft um Vorteil.} 29. Qc4 Nd7 $1 30. Qxc5 Nxc5 {[%mdl 4096] Endspiel KLS-KLS} 31. Kf2 Kf8 32. Ke3 e5 33. Nf5 Bc8 34. Nd6 Be6 35. Bc4 Ke7 36. Bxe6 $1 Kxd6 37. Bxf7 Nxa4 {KL-KS} 38. b3 Nc5 39. g3 a4 40. bxa4 Nxa4 41. Kd3 Kc5 42. Bb3 Nb2+ 43. Kc2 Nc4 44. Kd3 Nb2+ 45. Kc2 Nc4 46. Kd3 Nb2+ {Precision: Weiß = 80%, Schwarz = 63%.} 1/2-1/2

[Event "68th RUS-ch Women Superfinal 2018"]
[Site "Satka"]
[Date "2018.08.27"]
[Round "3"]
[White "Gunina, Valentina"]
[Black "Girya, Olga"]
[Result "1/2-1/2"]
[WhiteElo "2528"]
[BlackElo "2462"]
[Annotator "TA"]
[PlyCount "105"]
[EventDate "2018.08.25"]
[EventType "tourn"]
[EventCountry "RUS"]
[SourceTitle "playchess.com"]
[Source "ChessBase"]
[SourceQuality "1"]

{[%evp 16,105,23,14,23,20,27,27,27,20,33,6,22,-32,0,0,0,0,0,0,0,-1,13,28,126,128,133,128,127,122,82,121,110,117,103,125,105,88,93,81,129,106,133,137,137,135,128,134,128,63,188,191,202,202,201,202,202,197,197,197,200,193,206,208,232,168,184,177,250,246,245,245,245,0,0,0,0,0,0,0,0,0,0,0,0,0,0,0,8,8,8,0]} 1. d4 d5 2. c4 c6 3. Nf3 Nf6 4. e3 Bf5 5. Nc3 e6 6. Nh4 Bg6 7. Nxg6 hxg6 8. g3 {D12: Slav Defence: 3 Nf3 Nf6 4 e3 Bf5} (8. h3 Nbd7 9. Bd3 Bd6 10. O-O Qe7 11. e4 dxe4 12. Bxe4 O-O 13. Bg5 Qd8 14. Re1 Qc7 15. Qf3 Bb4 {1-0 (38) Kramnik,V (2808)-Giri,A (2771) Leuven 2017}) 8... Nbd7 9. Qd3 {LiveBook: 10 Games} Bb4 10. Bg2 {White has an edge.} Qa5 $146 ({Predecessor:} 10... Qe7 11. O-O O-O 12. a3 Bd6 13. b3 Rad8 14. Bb2 dxc4 15. bxc4 e5 {½-½ (91) Tkachiev,V (2644)-Postny,E (2627) Nancy 2013}) 11. Bd2 Qa6 12. b3 Nb6 {[%cal Rd5c4]} 13. Bf1 Qa3 14. f3 {[#]} (14. Be2 $11) 14... e5 $1 {[%mdl 512]} 15. c5 $1 {[%cal Rc5b6]} (15. dxe5 dxc4) 15... Nbd7 16. Bg2 O-O 17. O-O Rae8 18. Qc2 exd4 19. exd4 Bxc5 (19... Re7 $11 {keeps the balance.}) 20. dxc5 $16 Qxc5+ 21. Rf2 $1 ({Stronger than} 21. Kh1 d4 $15) 21... Re2 22. Raf1 Rxf2 23. Rxf2 d4 {aiming for ...Nd5.} 24. b4 $1 {[%cal Rb4c5]} Qxb4 {Threatens to win with ...Qc5.} 25. Ne4 Qb6 26. Qb3 Nxe4 27. fxe4 Ne5 28. Bf4 Re8 29. Qxb6 axb6 30. Rb2 Nc4 {[#]} 31. Rb4 $1 {[%cal Rb4c4]} b5 {[#]} 32. a4 (32. Bf1 $1 $16) 32... d3 (32... g5 $1 $14) 33. axb5 $18 d2 34. Bf3 cxb5 35. Rxb5 Rxe4 36. Kf2 ({And not} 36. Rxb7 Re1+ 37. Kg2 d1=Q $15) 36... Rd4 37. Bd1 ({Worse is} 37. Rxb7 d1=Q $11) 37... b6 38. Rb4 f6 39. h4 Kf7 40. Rb1 Ke6 41. Ke2 Kf5 (41... Ke7 {was necessary.} 42. Bc7 Rd5 43. Bxb6 g5) 42. Bc2+ Kg4 43. Bxg6 f5 {and the idea ...Re4+ leaves Black hopeful.} 44. h5 $2 (44. Bf7 $18) 44... Re4+ $1 $11 {The position is equal.} 45. Kf2 {Hoping for Rh1.} Rxf4+ 46. gxf4 Nb2 $1 47. Ke2 d1=Q+ 48. Rxd1 Nxd1 49. Kxd1 Kxf4 50. Kd2 Kg5 51. Ke3 f4+ 52. Kf3 b5 53. Bf7 {Precision: White = 61%, Black = 51%.} 1/2-1/2

[Event "68th RUS-ch Women Superfinal 2018"]
[Site "Satka"]
[Date "2018.08.27"]
[Round "3"]
[White "Pogonina, Natalija"]
[Black "Goryachkina, Aleksandra"]
[Result "0-1"]
[WhiteElo "2469"]
[BlackElo "2535"]
[Annotator "TA"]
[PlyCount "142"]
[EventDate "2018.08.25"]
[EventType "tourn"]
[EventCountry "RUS"]
[SourceTitle "playchess.com"]
[Source "ChessBase"]
[SourceQuality "1"]

{[%evp 20,142,34,-4,-3,0,-5,-5,-10,-24,0,0,0,0,0,-3,0,-2,0,-22,-22,-22,-23,-27,-25,-25,-25,-26,-25,-31,-15,-18,-17,-27,-23,-22,-11,-19,-21,-22,0,0,-8,-10,-8,-20,-24,-28,-23,-34,-25,-24,-18,-31,-20,-32,-20,-34,-33,-25,-25,-40,0,-25,0,-40,-35,-44,-44,-57,-51,-63,-61,-131,-94,-100,-102,-100,-106,-98,-89,-107,-104,-136,-108,-145,-150,-236,-236,-214,-210,-349,-349,-417,-365,-343,-267,-490,-496,-604,-476,-465,-420,-518,-469,-705,-679,-631,-634,-605,-551,-29980,-29981,-29981,-29982,-29985,-29986,-29986,-29987,-29988,-29989,-29989,-29974,-29990,-29991]} 1. d4 d5 2. c4 c6 3. Nf3 Nf6 4. e3 Bf5 5. Nc3 e6 6. Nh4 Bg6 7. Qb3 Qb6 8. Nxg6 hxg6 9. Be2 {D12: Slav Defence: 3 Nf3 Nf6 4 e3 Bf5} (9. Bd2 Nbd7 10. g3 Be7 11. Bg2 Qa6 12. Bf1 Qb6 13. Bg2 Qa6 14. Bf1 Qb6 {½-½ (14) Bocharov,D (2581)-Dubov,D (2660) Khanty-Mansiysk 2016}) 9... Nbd7 10. Bd2 Be7 11. Rc1 {LiveBook: 6 Games. White is slightly better.} g5 12. Qxb6 axb6 13. a3 g4 14. g3 Kf8 $146 ({Predecessor:} 14... Bd6 15. Kf1 Ke7 16. Kg2 Rh5 {½-½ (16) Anapolsky,S (2450)-Karas,B Alushta 1999}) 15. Kf1 dxc4 16. Bxc4 b5 17. Bd3 e5 18. Kg2 Rd8 19. Ne2 exd4 20. exd4 Nd5 21. h3 gxh3+ 22. Rxh3 Rxh3 23. Kxh3 N7b6 24. Kg2 Kg8 25. Rh1 g6 26. Bc2 Nc4 27. Bc1 Re8 28. Kf3 Bf6 29. Rd1 Nc7 30. a4 Rd8 31. b3 Nb6 32. axb5 Nxb5 {[%cal Rd8d4]} 33. Bb2 Nd5 34. Bd3 Ndc7 35. Ke3 Nd6 36. Ra1 Nd5+ 37. Kd2 Nb4 38. Bc3 Nxd3 39. Kxd3 Nb5 40. Kc4 Nd6+ 41. Kd3 Nb5 42. Bb2 Bg7 43. Kc4 f5 44. f3 Kf7 45. Rh1 g5 46. Bc1 (46. Ra1 $15) 46... Nxd4 47. Bxg5 Rd7 48. Nxd4 Rxd4+ $17 {[%mdl 4096] Endgame KRB-KRB} 49. Kc5 Rd3 50. Rb1 Rxf3 51. Bf4 Rd3 $1 52. Kb6 Rd7 53. Ka7 (53. Rc1 $17 {was necessary.}) 53... Bd4+ $1 $19 54. Kb8 Ke6 55. Re1+ {[#]} (55. b4 $142) 55... Kd5 $1 56. Re8 b5 57. Rf8 Ke6 58. Bc7 $2 (58. Re8+ Kd5 59. Kc8) 58... c5 59. Kb7 {intending Kc6.} Bg7 60. Re8+ Kd5 61. Re1 c4 62. Rd1+ {[#]} (62. Kc8 $142 Rf7 63. bxc4+ bxc4 64. Rd1+ Kc6 65. Rd6+ Kc5 66. Rd1) 62... Bd4 $1 63. bxc4+ bxc4 64. Kc8 Rg7 65. Rf1 Kc6 {Black mates.} 66. Bd8 Ra7 {[%cal Ra7a8]} 67. Kb8 Rb7+ 68. Ka8 Rd7 {[%cal Rd7d8]} 69. Bg5 Rg7 70. Bf4 Rg8+ 71. Bb8 Be5 {Precision: White = 40%, Black = 72%.} 0-1

[Event "68th RUS-ch Women Superfinal 2018"]
[Site "Satka"]
[Date "2018.08.27"]
[Round "3"]
[White "Kashlinskaya, Alina"]
[Black "Kosteniuk, Alexandra"]
[Result "1/2-1/2"]
[WhiteElo "2440"]
[BlackElo "2559"]
[Annotator "TA"]
[PlyCount "99"]
[EventDate "2018.08.25"]
[EventType "tourn"]
[EventCountry "RUS"]
[SourceTitle "playchess.com"]
[Source "ChessBase"]
[SourceQuality "1"]

{[%evp 13,99,0,0,0,1,0,0,0,27,27,26,0,55,55,50,52,60,56,69,51,53,47,50,55,51,54,75,60,60,39,31,45,37,52,95,20,69,56,66,64,70,6,20,0,0,0,0,0,3,10,6,0,0,0,0,0,0,0,0,0,0,0,0,0,0,0,0,0,0,0,0,0,0,0,0,0,0,0,0,0,0,0,0,0,0,0,0,0]} 1. d4 {Ponomariov,R} Nf6 2. Bg5 d5 3. e3 c5 4. Bxf6 gxf6 5. dxc5 Nc6 6. Bb5 {D00: Damenbauernspiele} e6 7. c4 dxc4 $1 {LiveBook: 3 Partien} 8. Nd2 Bd7 $146 ({Vorgänger:} 8... Bxc5 9. Ngf3 O-O 10. O-O Na5 11. Rc1 Be7 12. Qc2 Bd7 13. Bxd7 Qxd7 {½-½ (42) Carlsen,M (2857)-Karjakin,S (2769) New York 2016 CBM 176 [Ponomariov,R]}) 9. Ngf3 c3 10. bxc3 Ne5 (10... a6 $5 {[%cal Ra6b5]} 11. Be2 Bxc5 $11) 11. Bxd7+ Nxd7 12. Qa4 Qc7 (12... Bxc5 $11 13. O-O Qc7) 13. Ne4 $14 {[#] Schwarz muss nun Sxf6+ beachten.} Qc6 14. Qxc6 bxc6 15. Rd1 O-O-O 16. Nd4 Kc7 $1 17. Nb3 Be7 18. Ke2 Rhg8 19. Rd4 f5 20. Nd6 Nxc5 21. Nxc5 Bxd6 22. Na6+ Kc8 23. g3 Bc7 24. Nxc7 (24. Rh4 $16) 24... Kxc7 $16 {[%mdl 4096] Endspiel KTT-KTT} 25. Ra4 Ra8 26. Rd1 Rg4 27. f4 ({Lieber} 27. Rad4 $14) 27... h5 $11 {Die Stellung ist ausgeglichen.} 28. Rad4 h4 29. Rd7+ Kb6 30. Kf2 hxg3+ 31. hxg3 Rg7 32. Rb1+ Kc5 33. Rbb7 Rag8 34. Rxa7 Rxg3 35. Ke2 $1 Rg1 36. Ra5+ Kb6 37. Rda7 Rd8 {und nun wäre ...Tg2+ stark für Schwarz.} 38. R7a6+ Kc7 39. Ra7+ Kb6 {...Tg2+ ist eine echte Drohung.} 40. c4 {[%csl Ga5][%cal Rc4c5] [#]} Rc1 41. R7a6+ Kb7 42. c5 Rxc5 {( -> ...Tc2+)} 43. Rxc5 Kxa6 44. Rxc6+ {KT-KT} Kb7 45. Rc3 Kb6 46. a3 f6 47. Rd3 Re8 48. Kd2 Kc5 49. Rc3+ Kb5 50. Rb3+ {Precision: Weiß = 81%, Schwarz = 80%.} 1/2-1/2

[Event "68th RUS-ch Women Superfinal 2018"]
[Site "Satka"]
[Date "2018.08.27"]
[Round "3"]
[White "Galliamova, Alisa"]
[Black "Bodnaruk, Anastasia"]
[Result "1/2-1/2"]
[WhiteElo "2424"]
[BlackElo "2449"]
[Annotator "TA"]
[PlyCount "126"]
[EventDate "2018.08.25"]
[EventType "tourn"]
[EventCountry "RUS"]
[SourceTitle "playchess.com"]
[Source "ChessBase"]
[SourceQuality "1"]

{[%evp 14,126,0,-6,-7,-32,-20,-28,-18,-16,-12,-18,-18,-37,-33,-31,-16,-43,-20,0,0,-40,0,0,0,-8,0,-53,-58,-60,-65,-49,-67,-73,-87,-90,-83,-105,-95,-75,-43,-72,-32,-35,0,0,0,-3,0,0,48,37,97,95,87,87,84,36,330,326,303,0,0,0,0,0,0,-137,-43,-48,-52,-53,0,-20,-11,-14,-8,-51,-99,-246,-185,-531,-8,-8,-8,-8,-8,0,0,0,0,0,0,0,0,0,0,0,0,0,0,0,0,0,0,0,0,0,0,0,0,0,0,0,29945]} 1. d4 Nf6 2. Nf3 g6 3. g3 Bg7 4. Bg2 O-O 5. O-O d5 6. Nbd2 c5 7. dxc5 Nbd7 {D02: 1 d4 d5 2 Nf3 sidelines, including 2...Nf6 3 g3 and 2...Nf6 3 Bf4} (7... Qc7 8. Nb3 e5 9. c3 Rd8 10. Bg5 Be6 11. Nfd2 Nbd7 12. e4 Nxc5 13. Bxf6 Bxf6 14. exd5 Bxd5 15. Bxd5 Rxd5 16. Nxc5 Qxc5 {0-1 (47) Banusz,T (2612)-Adhiban,B (2671) Linares 2018}) 8. Nb3 {LiveBook: 3 Games} Qc7 9. Bf4 $146 ({Predecessor:} 9. c3 Nxc5 10. Bf4 Qc6 11. Ne5 Qb5 12. Bxd5 Nxb3 13. Bc4 Qc5 14. Qxb3 e6 15. Rad1 {1-0 (60) Telljohann,S (2415)-Schneider,U (2010) Frankfurt 2009}) 9... e5 {Black is slightly better.} 10. Bd2 Re8 11. Ba5 b6 12. cxb6 axb6 13. Bb4 Nc5 {[%cal Bd7c5,Bc5b7,Bb7d6,Bd6f5,Bf5e3][%mdl 32]} 14. Nfd2 Bb7 15. c4 d4 16. Bxb7 Nxb7 17. e4 dxe3 18. fxe3 Nd6 19. Qe2 Nf5 20. g4 (20. a3 $11) 20... Nxg4 $15 21. Qxg4 {Black must now prevent Qe4.} Nxe3 22. Qe2 Nc2 23. Bc3 Nxa1 24. Rxa1 e4 25. Bxg7 (25. Nxe4 $2 f5 $19) 25... Kxg7 26. Qe3 Re5 {[%mdl 1024] Black has strong compensation.} 27. Re1 Rae8 (27... Rxa2 28. Qd4 $11) 28. Nd4 Rh5 29. Re2 f5 30. b4 Kg8 31. Qb3 Qe5 32. c5+ $1 Kg7 ({Better is} 32... Kh8 $14 33. Qc3 bxc5 34. bxc5 Rc8) 33. Qc3 $1 $16 bxc5 34. bxc5 Kh6 35. c6 $1 Rd8 $2 {[%mdl 8192] [#]} ({Black should play} 35... Qd5 $1 $14) 36. N2f3 $1 $18 {[%cal Rf3e5][%mdl 512]} Qf6 (36... exf3 37. Rxe5) 37. c7 $2 (37. Qd2+ $18 Kg7 38. Ne6+ $1 {[%mdl 512]} Qxe6 39. Qxd8 Qxc6 40. Qe7+ Kg8 41. h4 Qb6+ 42. Kh1 Qb1+ 43. Re1) 37... Rc8 $11 38. Ne1 Qe5 39. Rc2 f4 $1 ({Wrong is} 39... Rxc7 $2 40. Nxf5+ $1 {[%mdl 512]} (40. Qxc7 Qxd4+ 41. Rf2 Rh4 $11) 40... Qxf5 41. Qxc7 $16) 40. Qd2 (40. Kf1 $11) 40... Rxc7 (40... Rg5+ $1 $17 41. Ng2 e3) 41. Rxc7 $15 Qxc7 42. Ng2 g5 (42... Qe5 $15 43. Qxf4+ Qxf4 44. Nxf4 Ra5) 43. h4 Qc5 ({Don't blunder} 43... f3 $2 44. hxg5+ Rxg5 45. Qxg5+ $1 {[%mdl 512]} Kxg5 46. Ne6+ Kf5 47. Nxc7 $18) 44. a4 Kg6 {Strongly threatening ...f3.} 45. a5 f3 46. Ne3 (46. Qe3 $17 Qd5 47. Nxf3 exf3 48. a6) 46... Rxh4 $19 ({Much less strong is} 46... gxh4 47. Ne6) 47. a6 $2 (47. Ndf5) 47... Qd6 $2 (47... Qe5 $19 48. Nef5 Rg4+ 49. Kf1 {[#]} e3 $1 {[%mdl 512]} 50. Nxe3 Qxd4 51. Qxd4 Rxd4) 48. Nxf3 $1 $11 {The position is equal.} Qg3+ 49. Ng2 $1 $132 {[%mdl 2048] White has counterplay} exf3 {[%mdl 4096] Endgame KQR-KQN} 50. Qc2+ Kf6 {( -> ...Qh2+)} 51. Qc6+ Ke7 {[%csl Gf3][%cal Rg3g2]} 52. Qb7+ Ke6 {[%csl Gf3][%cal Rg3g2]} 53. Qc6+ Kf5 {[%csl Gf3][%cal Rg3g2]} 54. Qd5+ Kf6 {[%csl Gf3][%cal Rg3g2]} 55. Qc6+ Kg7 {[%csl Gf3][%cal Rg3g2]} 56. Qd7+ Kf6 {[%csl Gf3][%cal Rg3g2]} 57. Qc6+ Ke7 {[%csl Gf3][%cal Rg3g2]} 58. Qb7+ Kd8 {[%csl Gf3][%cal Rg3g2]} 59. Qa8+ Kc7 {[%csl Gf3][%cal Rg3g2]} 60. Qb7+ Kd8 {[%csl Gf3][%cal Rg3g2]} 61. Qa8+ Ke7 {[%csl Gf3][%cal Rg3g2]} 62. Qb7+ Ke6 {[%csl Gf3][%cal Rg3g2]} 63. Qc6+ Ke5 $2 {[%mdl 40960] Precision: White = 52%, Black = 35%. . An unexpected result.} (63... Kf7 $11 64. Qd7+ Kg6 65. Qe8+ Kh6 66. Qf8+ Kh5 67. Qf7+ Kh6 68. Qf8+ Kh5 69. Qe8+ Kh6 70. Qf8+) 1/2-1/2

[Event "68th RUS-ch Women Superfinal 2018"]
[Site "Satka"]
[Date "2018.08.27"]
[Round "3"]
[White "Gritsayeva, Oksana"]
[Black "Shuvalova, Polina"]
[Result "1/2-1/2"]
[WhiteElo "2391"]
[BlackElo "2413"]
[Annotator "TA"]
[PlyCount "234"]
[EventDate "2018.08.25"]
[EventType "tourn"]
[EventCountry "RUS"]
[SourceTitle "playchess.com"]
[Source "ChessBase"]
[SourceQuality "1"]

{[%evp 34,234,45,45,53,53,52,45,55,55,56,57,54,57,61,61,61,61,61,61,61,65,78,49,58,49,48,39,41,41,50,50,50,50,50,50,50,50,50,50,50,50,50,50,50,50,50,30,30,0,50,48,70,50,50,50,50,50,50,50,50,50,50,50,50,50,70,70,70,70,70,70,70,67,100,100,100,100,100,100,100,100,100,100,100,100,100,100,100,100,100,100,100,100,100,100,100,100,100,100,100,100,100,0,100,100,100,100,100,100,100,100,100,100,100,76,100,100,100,100,100,100,100,100,100,100,100,100,119,119,119,119,119,119,119,119,119,119,119,119,119,119,119,0,119,119,119,119,119,119,119,119,119,119,119,70,119,119,147,147,147,147,147,0,147,147,147,147,147,147,147,147,147,147,147,147,147,147,147,147,147,147,147,147,147,147,147,147,147,147,147,147,147,147,147,45,45,45,45,45,45,45,45]} 1. e4 e5 2. Nf3 Nc6 3. Nc3 Nf6 4. d4 exd4 5. Nxd4 Bb4 6. Nxc6 bxc6 7. Bd3 O-O 8. O-O d5 9. exd5 cxd5 10. Bg5 c6 11. Qf3 h6 12. Bxf6 Qxf6 13. Qxf6 gxf6 14. Ne2 Bd6 15. Nd4 {C47: Scotch Four Knights and Four Knights with 4 g3} c5 16. Nf5 Bxf5 17. Bxf5 Rab8 (17... Be5 18. Rad1 Bxb2 19. Rxd5 Bd4 20. c3 Bxc3 21. Rxc5 Bd4 22. Rc4 Rfd8 23. Rfc1 Bb6 24. Rc8 Raxc8 25. Rxc8 Rxc8 26. Bxc8 {½-½ (26) Ganguly,S (2650)-Harikrishna,P (2744) Riadh 2017}) 18. b3 {LiveBook: 3 Games} Rfe8 19. Rad1 {[#]} Re5 $146 ({Predecessor:} 19... Rbd8 20. g3 Bc7 21. Bg4 {½-½ (21) Wang,C (2485)-Hansen,S (2561) Pattaya 2013}) 20. Bg4 Rd8 21. f4 Ree8 $1 22. Rxd5 Bxf4 23. Rfd1 Re1+ 24. Kf2 Rxd1 25. Rxd1 Rxd1 26. Bxd1 $14 {[%mdl 4096] Endgame KB-KB} f5 27. Ke2 c4 28. b4 Kf8 29. h3 Ke7 30. c3 Kd6 31. Ba4 h5 32. Be8 Ke6 33. a4 h4 34. a5 Bc7 35. Ke3 Be5 36. Kd2 $1 Bf4+ 37. Kc2 Bc7 38. Kb1 Be5 39. Kb2 Bc7 40. Ka3 Be5 41. Kb2 Bc7 42. Bc6 f4 43. Be8 Be5 44. Kc2 Bc7 45. Kb1 Be5 46. Kb2 Bc7 47. Kc2 Be5 48. Bc6 Bc7 49. Bf3 Be5 50. Bg4+ Kd5 51. Bh5 Ke6 52. Kb2 Bc7 53. Bf3 Be5 54. b5 Bc7 {[#]} 55. b6 $1 {[%cal Rb6a7][%mdl 512]} axb6 56. a6 {Threatens to win with a7.} Bb8 {[#]} 57. Ka3 $1 {[%mdl 1024] White has strong compensation.} Kd6 58. Kb4 Ba7 59. Kb5 Kc7 60. Bd5 f6 61. Bxc4 Kd6 62. Be2 Kc7 63. Kc4 Kc6 64. Bf3+ Kd6 65. Ba8 Ke5 66. Bc6 Kd6 67. Bb5 Ke5 68. Bc6 Kd6 $1 {[%cal Rd6c6]} 69. Bb7 Ke5 70. Kb5 {And now Kc6 would win.} Kd6 71. Bf3 Kc7 72. Kb4 Kd6 73. Kc4 Ke5 74. Kd3 Bb8 75. Bc6 Ba7 76. Ke2 Kd6 77. Bb5 Kc5 78. c4 {Kf3 is the strong threat.} f5 79. Kd3 Kd6 80. Be8 Ke5 81. Bd7 f3 82. gxf3 f4 83. Be8 Bb8 84. Kc3 Ba7 85. Kb4 Kd6 86. Kb5 Kc7 87. Bc6 Kd6 88. Be8 Kc7 89. Ka4 Kd6 90. Kb4 Ke5 91. Bg6 Kd6 92. Bf7 Ke5 93. Kc3 Bb8 94. Bd5 Ba7 95. Bg8 b5 96. cxb5 Kd6 97. Kd3 Ke5 98. Kc3 (98. Bb3 $16) 98... Bb6 (98... Kd6 $1 $11 {keeps the balance.}) 99. Kb4 Kd6 100. Bh7 Kc7 101. Bb1 Kd6 102. Ba2 Kc7 103. Kc4 Kd6 104. Kd3 Ke5 105. Bb3 Ba7 106. Kc4 Kd6 107. Kb4 Bb6 108. Bc2 Kc7 109. Be4 Kd6 110. Kc4 Ke5 111. Ba8 Kd6 112. Kc3 Ke5 113. Kb4 Kd6 114. a7 (114. Kc4 $16) 114... Bxa7 {White is slightly better.} 115. Ka5 {aiming for b6.} Kc7 116. Be4 Bf2 117. Kb4 Kd6 {Precision: White = 80%, Black = 80%.} 1/2-1/2